| 000 | 01258nam a2200313 a 4500 | ||
|---|---|---|---|
| 001 | ebr10630597 | ||
| 003 | CaPaEBR | ||
| 006 | m u | ||
| 007 | cr cn||||||||| | ||
| 008 | 120907s2013 iaua sb 001 0 eng d | ||
| 010 | _z 2012028347 | ||
| 020 | _z9780470958759 (pbk. : alk. paper) | ||
| 020 | _z9781118485941 (e-book) | ||
| 040 |
_aCaPaEBR _cCaPaEBR |
||
| 035 | _a(OCoLC)823737587 | ||
| 050 | 1 | 4 |
_aRC388.5 _b.E976 2013eb |
| 082 | 0 | 4 |
_a616.8/10231 _223 |
| 245 | 0 | 0 |
_aEvidence-based nursing care for stroke and neurovascular conditions _h[electronic resource] / _ceditor, Sheila A. Alexander. |
| 260 |
_aAmes, Iowa : _bWiley-Blackwell, _c2013. |
||
| 300 |
_axiii, 295 p. : _bill. |
||
| 504 | _aIncludes bibliographical references and index. | ||
| 533 |
_aElectronic reproduction. _bPalo Alto, Calif. : _cebrary, _d2011. _nAvailable via World Wide Web. _nAccess may be limited to ebrary affiliated libraries. |
||
| 650 | 0 |
_aCerebrovascular disease _xTreatment. |
|
| 650 | 0 | _aEvidence-based nursing. | |
| 655 | 7 |
_aElectronic books. _2local |
|
| 700 | 1 | _aAlexander, Sheila A. | |
| 710 | 2 | _aebrary, Inc. | |
| 856 | 4 | 0 |
_uhttp://site.ebrary.com/lib/rucke/Doc?id=10630597 _zAn electronic book accessible through the World Wide Web; click to view |
| 999 |
_c52826 _d52826 |
||